Доктринальні засади розвитку держави та права: національні та міжнародні тенденції (Запис № 409383)

МАРК-запис
000 -Лідер
fixed length control field 02419nam a22002657a 4500
001 - Контрольний номер
control field 136457
003 - Ідентифікатор контрольного номера
control field UA-OsUOA
005 - Дата та час останнього входження (трансакції)
control field 20230504161345.0
007 - Фіксоване поле фізичного опису
fixed length control field ta
008 - Елементи даних фіксованої довжини – загальна інформація
fixed length control field 20190325b un ||||| |||| 00| 0 ukr d
020 ## - Міжнародний стандартний книжковий номер (ISBN)
Міжнародний стандартний книжковий номер (ISBN) (НП) 978-966-2609-66-0
040 ## - Джерело каталогізації
Агенція оригінальної каталогізації UA-OsUOA
Мова каталогізації ukr
Агенція, яка здійснювала перезапис UA-OsUOA
Агенція, яка здійснювала модифікацію UA-OsUOA
041 ## - Код мови
Код мови тексту/ звукової доріжки чи окремого заголовка (П) ukr
080 ## - Індекс Універсальної десяткової класифікації
Індекс Універсальної десяткової класифікації (УДК) (НП) 340
090 ## - Локальний шифр розміщення
Класифікаційний індекс УДК 340
Авторський знак (НП) Д63
245 ## - Відомості про назву
Назва (НП) Доктринальні засади розвитку держави та права: національні та міжнародні тенденції
Решта назви (НП) монографія
Дані про відповідальність (НП) заг. ред. Ю. Л. Бошицького
260 ## - Публікація, розповсюдження і т.п. (Вихідні дані)
Місце публікації, розповсюдження і т.п. (П) К.
Ім’я/ наймення видавництва, розповсюджувача і т.п. (П) Ліра-К
Дата публікації, розповсюдження і т.п. (П) 2014
300 ## - Фізичний опис
Обсяг 440 с.
505 ## - Форматована примітка про зміст
Форматована примітка про зміст Зміст<br/>1. Теоретико-правові основи державно-правової доктрини.<br/>2. Доктринальні підходи щодо розвитку окремих інституцій публічного права.<br/>3. Еволюція прав людини в сучасній приватноправовій доктрині.<br/>4. Доктринальні засади правового регулювання сфери господарювання.<br/>5. Кримінальне та кримінально-процесуальне законодавство: доктринальні засади розвитку.<br/>6. Вплив міжнародного права на правову систему України.
520 3# - Резюме і т.п.
Резюме, реферат, анотація, тощо (НП) Колективна монографія науковців КУП НАНУ містить наукові дослідження та судження щодо доктринальних підходів на окремі державно-правові явища, тенденції розвитку окремих інституцій публічного права, еволюцію прав людини в приватноправовій доктрині, доктринальні засади правового регулювання сфери господарювання, а також вплив міжнародного права на право розуміння та правозастосування.
650 #7 - Додаткове предметне введення – тематичний термін
Тематичний термін чи географічна назва, як елемент введення (НП) 340 Право в цілому. Пропедевтика. Методи та допоміжні правничі науки
Джерело заголовка чи терміна UDC
942 ## - Додаткові елементи входу (Коха)
Тип елемента Koha Книги
Source of classification or shelving scheme Universal Decimal Classification
955 ## - Код типу видання за змістом
Код типу видання за змістом (НП) Наукові видання
Фонди
Стан вилучень Стан втрат Джерело класифікації або схеми стелажів Стан уражень Не для кредиту Постійне місце розташування Поточне розміщення Дата придбання Джерело придбання Вартість, звичайна ціна покупки Інвентарний номер Усього замовленно Повний номер виклику Штрих-код Дата останнього перегляду Ціна ефективна від Тип елемента Koha
    Universal Decimal Classification     ЧЗ - Читальна зала ЧЗ - Читальна зала 25/03/2019 15/2019 45.00 161304   340 Д63 161304 06/02/2022 25/03/2019 Книги